Thí nghiệm vật lí với dụng cụ tự làm từ chai nhựa và vỏ lon T.2 Cơ học chất lỏng và chất khí
Hướng dẫn thí nghiệm vật lí cơ học chất lỏng và chất khí bằng các dụng cụ thí nghiệm tự chế như chai nhựa, vỏ lon
Spremljeno u:
| Glavni autor: | |
|---|---|
| Format: | Knjiga |
| Jezik: | Vietnamese |
| Izdano: |
H.
Đại học Sư phạm
2009
|
| Teme: | |
| Oznake: |
Dodaj oznaku
Bez oznaka, Budi prvi tko označuje ovaj zapis!
|
| Thư viện lưu trữ: | Trung tâm Học liệu Lê Vũ Hùng, Trường Đại học Đồng Tháp |
|---|
| LEADER | 01170pam a22002658a 4500 | ||
|---|---|---|---|
| 001 | 00025919 | ||
| 005 | 20171026081022.0 | ||
| 008 | 110812s2009 ||||||viesd | ||
| 020 | |c 10000 | ||
| 041 | 0 | # | |a vie |
| 082 | 1 | # | |a 530.078 |b TH300NGH |
| 100 | 1 | # | |a Nguyễn Ngọc Hưng |
| 245 | 1 | 0 | |a Thí nghiệm vật lí với dụng cụ tự làm từ chai nhựa và vỏ lon |c Nguyễn Ngọc Hưng |n T.2 |p Cơ học chất lỏng và chất khí |
| 260 | # | # | |a H. |b Đại học Sư phạm |c 2009 |
| 300 | # | # | |a 49 tr. |b minh hoạ |c 24 cm. |
| 520 | 3 | # | |a Hướng dẫn thí nghiệm vật lí cơ học chất lỏng và chất khí bằng các dụng cụ thí nghiệm tự chế như chai nhựa, vỏ lon |
| 650 | |a Thí nghiệm | ||
| 650 | |a Trường phổ thông | ||
| 650 | |a Vật lí | ||
| 852 | # | # | |b Kho giáo trình |j KGT.0032101, KGT.0032102 |
| 852 | # | # | |b Kho mượn |j KGT.0032101 |
| 852 | # | # | |b Kho đọc |j KD.0010704 |
| 852 | # | # | |j KD.0010704 |j KGT.0032101 |j KGT.0032102 |
| 910 | |d 12/08/2011 | ||
| 980 | # | # | |a Trung tâm Học liệu Lê Vũ Hùng, Trường Đại học Đồng Tháp |